| 000 | 01184nam a22002177a 4500 | ||
|---|---|---|---|
| 999 |
_c62968 _d62968 |
||
| 003 | Ge_BSU | ||
| 005 | 20250416103150.0 | ||
| 008 | 250416s2021 ge ||||| |||| 00| 0 geo d | ||
| 020 | _a9789941329890 | ||
| 041 | _ageo | ||
| 080 | _a82-93:821.353.1-32(084.1) ტ-92 | ||
| 100 |
_aტურაშვილი, დათო _91369 |
||
| 245 |
_aბავშვებისთვის წასაკითხი წიგნი / _cდათო ტურაშვილი; რედაქტორი თამარ ჟურული; მხატვარი ირინა ცინცაძე; დიზაინერი სალომე საბანაძე. |
||
| 264 |
_aთბილისი : _bპალიტრა L, _c2021. |
||
| 300 |
_a68 გვ. : _bილ. ; _c23 სმ. |
||
| 653 | _aქართული საბავშვო პროზა | ||
| 700 |
_aჟურული, თამარ _eრედაქტორი _924821 |
||
| 700 |
_aცინცაძე, ირინა _eმხატვარი _924822 |
||
| 700 |
_aსაბანაძე, სალომე _eდიზაინერი _922097 |
||
| 942 |
_2udc _cᲬᲘᲒᲜᲘ |
||